| 000 | 00645nam a22002177a 4500 | ||
|---|---|---|---|
| 999 |
_c13298 _d13298 |
||
| 003 | AR-CdUCM | ||
| 008 | 190411b ||||| |||| 00| 0 spa d | ||
| 040 |
_aMUNICIPALIDAD PROVINCIAL DEL CUSCO _cBIBLIOTECA MUNICIPAL DEL CUSCO |
||
| 082 |
_a868.56 / _bP44 |
||
| 100 |
_aPérez Galdós, Benito _91429 |
||
| 245 | _aMiau / | ||
| 260 |
_aBuenos Aires : _bLosada, _c1946. |
||
| 300 |
_a265 páginas ; _c18 cm. |
||
| 440 |
_aBiblioteca Contemporánea. _927761 |
||
| 505 | _aContenido: Novelas. | ||
| 650 |
_aNovelas españolas _9584 |
||
| 650 |
_aSiglo XIX _9971 |
||
| 650 |
_aLiteratura _983 |
||
| 942 |
_2ddc _cLIBROS |
||
| 945 |
_aachl _d2019-04-11 |
||